Generator Dash #30 - Statistics

General Stats
  • This quiz has been taken 107 times
  • The average score is 7 of 11
Answer Stats
Hint Answer % Correct
Spread the gospel (6) Preach
97%
Stone fruit (5) Peach
92%
Book section (7) Chapter
86%
Australian port (5) Perth
79%
Large feline (7) Panther
74%
Tent pitcher (6) Camper
73%
Picnic basket (6) Hamper
63%
9-Letter Word PARCHMENT
56%
Charley horse (5) Cramp
52%
Disney dog (5) Tramp
41%
Horse's gait (6) Prance
27%
No matching quizzes found
Score Distribution
Percent of People with Each Score
Percentile by Number Answered
Your Score History
You have not taken this quiz